Robert De Niro en 15 films - Statistiques

Statistiques générales
  • Ce quiz a été pris 358 fois
  • Le résultat moyen est 8 sur 15
Statistiques - réponses
* date Film % Correct
1976 Taxi Driver
89%
1974 Le parrain 2
80%
1990 Les affranchis
79%
1995 Casino
73%
1980 Raging bull
66%
1995 Heat
65%
1984 Il était une fois en Amérique
51%
son premier 1973 Mean Streets
45%
1991 Les nerfs à vif
40%
1987 Les Incorruptibles
31%
1978 Voyage au bout de l'enfer
31%
Appartion remarquée 1997 Jackie Brown
30%
1983 La valse des pantins
30%
1993 Il était une fois le Bronx
25%
1986 Mission
13%
Aucun quiz correspondant
Distribution des résultats
% des personnes avec chaque résultat
Percentile par nombre de réponses
Votre historique - résultats
Vous n’avez pas pris ce quiz